Giáo trình phương trình đạo hàm riêng
TO Phương trình đạo hàm riêng
Uloženo v:
| Hlavní autor: | |
|---|---|
| Médium: | Kniha |
| Jazyk: | Undetermined |
| Vydáno: |
H.
Đại học Quốc gia Hà Nội
2006
|
| Témata: | |
| On-line přístup: | http://lrc.tdmu.edu.vn/opac/search/detail.asp?aID=2&ID=3430 |
| Tagy: |
Přidat tag
Žádné tagy, Buďte první, kdo otaguje tento záznam!
|
| Thư viện lưu trữ: | Trung tâm Học liệu Trường Đại học Thủ Dầu Một |
|---|
| LEADER | 00743nam a2200205Ia 4500 | ||
|---|---|---|---|
| 001 | TDMU_3430 | ||
| 008 | 210410s9999 xx 000 0 und d | ||
| 082 | |a 515.01 | ||
| 090 | |b N4994 | ||
| 100 | |a Nguyễn, Thừa Hợp | ||
| 245 | 0 | |a Giáo trình phương trình đạo hàm riêng | |
| 245 | 0 | |c Nguyễn Thừa Hợp | |
| 260 | |a H. | ||
| 260 | |b Đại học Quốc gia Hà Nội | ||
| 260 | |c 2006 | ||
| 300 | |a 435tr. | ||
| 520 | |a TO Phương trình đạo hàm riêng | ||
| 650 | |a Phương trình đạo hàm riêng; phương trình tuyến tính | ||
| 856 | |u http://lrc.tdmu.edu.vn/opac/search/detail.asp?aID=2&ID=3430 | ||
| 980 | |a Trung tâm Học liệu Trường Đại học Thủ Dầu Một | ||